Which Måneskin song? - Statistics

General Stats
  • This quiz has been taken 71 times
  • The average score is 27 of 51
Answer Stats
Hint Answer % Correct
Oh, mamma mia, ma-ma-mamma mia, ah MAMMAMIA
92%
You're nothing but gasoline, startin' fires since seventeen GASOLINE
89%
Dimmi le tue verità, Coraline, Coraline CORALINE
86%
I wanna be your slave, I wanna be your master I WANNA BE YOUR SLAVE
84%
Cool kids, they do not use floss KOOL KIDS
84%
Put your lovin' hand out, baby Beggin'
81%
Dance, dance, dance, dance, dance until I die DON'T WANNA SLEEP
81%
Io vengo, io vengo, io vengo, io vengo dalla luna Vengo dalla luna
81%
Welcome to the city of lies where everything's got a price GOSSIP
78%
Ha-ha-ha-ha-ha-ha-ha, you broke my heart so I crashed your car BLA BLA BLA
76%
You'll be the saddest part of me THE LONELIEST
76%
What's your thoughts about religion? BABY SAID
73%
The touch of an angel, the taste of a drug TRASTEVERE
73%
Io c'ho vent'anni, perciò non ti stupire se dal niente faccio drammi VENT'ANNI
73%
I'm close to the top now Close to the Top
70%
Well, I don't know your secrets, I'm no visionary OWN MY MIND
70%
Wasted in love, misunderstood VALENTINE
70%
Meet me there where it never closes HONEY (ARE U COMING?)
68%
Alone at parties in a deadly silhouette SUPERMODEL
68%
I wanna be the first man you look at tonight FOR YOUR LOVE
65%
I'm in love with the drugs, but they don't love me back OFF MY FACE
62%
Brought you some roses, you didn't take them, so I shed a tear READ YOUR DIARY
62%
Breaking my back just to know your name Somebody Told Me
59%
There'd be no summer, there'd be no spring IF NOT FOR YOU
57%
You're wearing my old clothes, but you, you wear it better TIMEZONE
57%
Loro non sanno di che parlo ZITTI E BUONI
57%
I started when I was seventeen and now I'm here Chosen
54%
Don't need a lover, you need an animal FEEL
51%
Hot like summer, give me eyes, then twist the knife THE DRIVER
49%
I don't have fear, I will survive Fear for Nobody
43%
Cammino per la mia città ed il vento soffia forte Torna a casa
43%
Nascosto fra la gente, senza un'identità MARK CHAPMAN
38%
There must be lights burning brighter somewhere If I Can Dream
35%
Come l'aria mi respirerai Le parole lontane
35%
In this context, there's no disrespect Let's Get It Started
32%
E allora prendi la mia mano bella señorita Morirò da Re
32%
Oh, this is more than I'm missing, I'm feeling ridiculous New Song
32%
I'm cold, I'm drunk, I just don't care 'bout you, care 'bout you Sh*t Blvd
32%
Sento mille voci che parlano, ma non sento che dicono LA PAURA DEL BUIO
30%
E adesso giuro faccio le valigie L'altra dimensione
27%
Ehi, calmati, ti ho detto, guardami LIVIDI SUI GOMITI
27%
I am walking down my road, I'm sleeping without a bed Recovery
27%
Now I'm in town, break it down, thinking of making a new sound You Need Me, I Don't Need You
27%
It's a night I feel odd, inside the club and I'm bored TOUCH ME
24%
Yeah, yeah, listen the flow, it's killing your monsters Are You Ready?
22%
Ehi ci ho provato a liberarmi da quel senso di indesiderato IN NOME DEL PADRE
22%
Stronzi, vi vedo, siete bianchi in faccia IL DONO DELLA VITA
19%
Mi sveglio ed è passato un anno LA FINE
19%
Io voglio rubare la libertà Immortale
16%
Oh il tempo va veloce, sì seguo le lancette Lasciami stare
16%
Voglio volare, per sollevarmi fin là Niente da dire
16%
No matching quizzes found
Score Distribution
Percent of People with Each Score
Percentile by Number Answered
Your Score History
You have not taken this quiz